Statistiche per I 10 stati americani più afroamericani

Clicka qui per fare il quiz!

Statistiche generali

  • Questo quiz è stato fatto 158 volte
  • Il punteggio medio è 5 su 10

Statistiche sulle risposte

%stato% Corretto
26,9Alabama
76%
19,4Virginia
70%
38,0Mississippi
69%
31,9Georgia
62%
32,4Louisiana
57%
16,7Tennessee
50%
21,5Carolina del Nord
29%
26,5Carolina del Sud
29%
30,3Maryland
21%
22,5Delaware
15%

Distribuzione punteggi

Percentile per numero di risposta

Percentuale di utenti per punteggio

I tuoi punteggi nel tempo

Non hai fatto questo quiz